| 000 | 00636nam a2200169Ia 4500 | ||
|---|---|---|---|
| 008 | 220216s9999 xx 000 0 und d | ||
| 100 | _aSaha T | ||
| 245 | 0 | _aCharacterization of cinnamyl alcohol dehydrogenase gene involved in lignification for improving timber quality in Hevea brasiliensis | |
| 260 | _bProceedings of 24th Kerala Science Congress, 29-31 January 2012, Rubber Research Institute of India, Kottayam, India, pp.226-227 | ||
| 650 | _aCAD gene | ||
| 650 | _aCinnamyl alcohol dehydrogenase gene | ||
| 650 | _aLignification | ||
| 650 | _aTimber qulaity | ||
| 700 | _aRavindran M | ||
| 700 | _aUthup T K | ||
| 942 | _cBS | ||
| 999 |
_c48861 _d48861 |
||